Rozhľadne 1. diel

Bibliographic Details
Main Author: Khandl, Ladislav, 1946- (Author, Photographer)
Corporate Author: MAPA Slovakia (Bratislava, Slovensko) (Cartographer)
Other Authors: Kollár, Daniel, 1963- (Editor), Gnip, Slavomír (Photographer)
Format: Book
Language:Slovak
PhysicalDescription:206 strán farebné fotografie, mapy 22 cm
Published: Bratislava Dajama 2018
ISBN:9788081360848
Edition:2. vydanie
Series:Po Slovensku
Subjects:

MARC

LEADER 00000cam a2200000 4500
001 vtls011756488
003 SK-MaSNL
005 20260426013038.0
008 191112s2018 xo bo grfn 000 0 slo
015 |a SNBA2025/3 
020 |a 9788081360848  |q (brožované) 
040 |a SNK  |b slo  |c SNK  |e rda 
041 0 |a slo 
043 |a e-xo--- 
044 |a xo  |c SK 
072 7 |a 913(437)  |x Geografia Česka a Slovenska, reálie, cestovanie  |2 konspekt 
072 7 |a 72  |x Architektúra  |2 konspekt 
080 |a 72/(188)-024.544  |2 2011 
080 |a (437.6)  |2 2011 
080 |a (036)913  |2 2011 
080 |a 0/9  |2 2011 
100 1 |a Khandl, Ladislav,  |d 1946-  |4 aut  |4 pht  |9 160883 
245 1 0 |a Rozhľadne  |n 1. diel  |c Ladislav Khandl ; editor a zodpovedný redaktor: Daniel Kollár ; fotografie: Ladislav Khandl, Slavomír Gnip ; mapy: Mapa Slovakia Editor, s.r.o. 
246 3 8 |a Rozhľadne (1) 
246 1 |i Obálkový podnázov:  |a 62 lokalít s rozhľadňami 
250 |a 2. vydanie 
264 1 |a Bratislava  |b Dajama  |c 2018 
300 |a 206 strán  |b farebné fotografie, mapy  |c 22 cm 
336 |a text  |b txt  |2 rdacontent 
337 |a bez média  |b n  |2 rdamedia 
338 |a zväzok  |b nc  |2 rdacarrier 
490 1 |a Po Slovensku 
500 |a 1. vyd. v r. 2012 
504 |a Bibliografia na strane s. 206 
650 0 7 |a rozhľadne  |2 SNKPH  |9 55576 
650 0 7 |a vtáčie pozorovateľne  |2 POKPOHPH  |9 613364 
650 0 7 |a Lookout towers  |2 SNKPHeng  |9 332799 
650 0 7 |a History  |2 SNKPHeng  |9 265139 
650 0 7 |a General and attractions  |2 SNKPHeng  |9 267066 
650 0 7 |a všeobecnosti a zaujímavosti  |2 SNKPH  |9 4162 
651 7 |a Slovensko  |2 SNKPHgeo  |9 14231 
651 7 |a Slovakia  |2 SNKPHeng  |9 92630 
655 7 |a turistickí sprievodcovia (publikácie)  |2 SNKPH  |9 191298 
655 7 |a Tourist guides  |2 SNKPHeng  |9 274119 
700 1 |a Kollár, Daniel,  |d 1963-  |4 edt  |4 lso  |9 99818 
700 1 |a Gnip, Slavomír  |4 pht  |9 713466 
710 2 |a MAPA Slovakia (Bratislava, Slovensko)  |4 ctg  |9 33173 
830 0 |a Po Slovensku  |9 332800 
852 |a Slovenská národná knižnica 
919 |a 978-80-8136-084-8 
954 |a iná literatúra (príručky, kuchárske knihy, hobby literatúra, sprievodcovia) pôvodná (slovenská)  |2 lita 
958 |a NB 
999 |c 1112939  |d 1114869 
952 |a SNK  |b SNK  |y PREZ  |7 0  |p 17A1549544  |o snkSC 208070  |i snk2024/15214  |8 0  |0 0  |1 0  |4 0  |d 2024-10-02  |l 0  |r 2025-10-31 00:00:00  |w 2026-02-24 
952 |a SNK  |b SNK  |y VYP  |7 0  |p 17A1580463  |o snkSC 208070 D1  |i snk2025/15037  |8 3  |g 11.10  |0 0  |1 0  |4 0  |d 2025-09-24  |l 0  |r 2026-02-24 18:06:53  |w 2026-02-24